Slova a věci

Saved in:
Bibliographic Details
Main Author Foucault, Michel, 1926-1984 (Author)
Format Book
LanguageCzech
Published Brno : Computer Press, 2007
EditionVyd. 1.
SeriesEseje a studie
Subjects
ISBN9788025117132
Physical Descriptionv, 309 s. ; 21 cm

Cover

LEADER 00000cam a2200000 a 4500
001 34058
003 CZ-ZlUTB
005 20190826000359.0
007 ta
008 070629s2007 xr e 000 0 cze
020 |a 9788025117132  |q (brož.) 
040 |a OLA001  |b cze  |d ZLD002 
041 1 |a cze  |h fre 
072 7 |a 930.85  |x Dějiny civilizace. Kulturní dějiny  |2 Konspekt  |9 8 
080 |a 930.85  |2 MRF 
080 |a 1/3+7/9  |2 MRF 
080 |a (048.8)  |2 MRF 
100 1 |a Foucault, Michel,  |d 1926-1984  |7 jn19990002361  |4 aut 
245 1 0 |a Slova a věci /  |c Michel Foucault ; [překlad Jan Rubáš] 
250 |a Vyd. 1. 
260 |a Brno :  |b Computer Press,  |c 2007 
300 |a v, 309 s. ;  |c 21 cm 
490 1 |a Eseje/studie 
500 |a Přeloženo z francouzštiny 
504 |a Obsahuje bibliografické odkazy 
650 0 7 |a dějiny civilizace  |7 ph137927  |2 czenas 
650 0 7 |a humanitní vědy  |7 ph114730  |2 czenas 
650 0 7 |a filozofická antropologie  |7 ph114539  |2 czenas 
650 0 7 |a strukturální antropologie  |7 ph114017  |2 czenas 
650 0 9 |a history of civilization  |2 eczenas 
650 0 9 |a humanities  |2 eczenas 
655 7 |a studie  |7 fd133597  |2 czenas 
655 9 |a studies  |2 eczenas 
765 0 |t Mots et les choses  |9 Česky 
830 0 |a Eseje a studie 
910 |a ZLD002 
952 |0 0  |1 0  |4 0  |6 9399FOUCAULTM  |7 0  |8 BOOK  |9 78408  |a UTBZL  |b UTBZL  |c 005  |d 2007-11-13  |i 198  |l 0  |o 93/99/FOUCAULT,M.  |p 420010112196  |r 2019-08-26 00:00:00  |v 449.00  |w 2019-08-26  |x N:nákup | 20100831  |y 01 
952 |0 0  |1 0  |4 0  |6 9399FOUCAULTM  |7 0  |8 BOOK  |9 78409  |a UTBZL  |b UTBZL  |c 006  |d 2007-11-13  |i 198  |l 2  |o 93/99/FOUCAULT,M.  |p 420010112197  |r 2025-03-07 00:00:00  |s 2025-02-10  |v 449.00  |w 2019-08-26  |x N:nákup | 20100831  |y 04 
952 |0 0  |1 0  |4 0  |6 9399FOUCAULTM  |7 0  |8 BOOK  |9 78410  |a UTBZL  |b UTBZL  |c 006  |d 2007-11-13  |i 198  |l 4  |m 2  |o 93/99/FOUCAULT,M.  |p 420010112198  |r 2025-03-07 00:00:00  |s 2025-02-10  |v 449.00  |w 2019-08-26  |x N:nákup | 20100831  |y 04 
952 |0 2  |1 0  |4 0  |6 9399FOUCAULTM  |7 0  |8 BOOK  |9 78411  |a UTBZL  |b UTBZL  |c 019  |d 2015-11-24  |l 2  |m 6  |o 93/99/FOUCAULT,M.  |p 420010163471  |r 2025-07-08 00:00:00  |s 2022-07-01  |v 469.00  |w 2019-08-26  |x N:nákup; Převod FHS: Plisková, Barbora, 8.7.2025  |y 08 
992 |a BK  |b SK  |d 4 
999 |c 34058  |d 34058